Southville International School and Colleges
Your cart is empty.
  • Cart
  • Lists
    Public lists Eva Luna New books Lux_list list_1
    Your lists Log in to create your own lists
  • Log in to your account
  • Your cookies
  • Search history
Southville International School and Colleges
  • Advanced search
  • Recent comments
  • Most popular
  • Libraries

Log in to your account

Log in with GOOGLE


If you do not have an external account, but do have a local account, you can still log in:

  1. Home
  2. MARC view: HPLC method development for pharmaceuticals /
Normal view MARC view ISBD view

HPLC method development for pharmaceuticals / (Record no. 13597)

[ view plain ]
MARC details
000 -LEADER
fixed length control field 00631nam a22002057a 4500
003 - CONTROL NUMBER IDENTIFIER
control field OSt
005 - DATE AND TIME OF LATEST TRANSACTION
control field 20140310182445.0
008 - FIXED-LENGTH DATA ELEMENTS--GENERAL INFORMATION
fixed length control field 130805t xxu||||| |||| 00| 0 eng d
020 ## - INTERNATIONAL STANDARD BOOK NUMBER
International Standard Book Number 9780123705402
050 ## - LIBRARY OF CONGRESS CALL NUMBER
Classification number RS 189.H54
Item number .H872 2007
245 ## - TITLE STATEMENT
Title HPLC method development for pharmaceuticals /
260 ## - PUBLICATION, DISTRIBUTION, ETC. (IMPRINT)
Place of publication, distribution, etc Amsterdam ;
Name of publisher, distributor, etc Boston : Elsevier, Academic Press,
Date of publication, distribution, etc c2007.
300 ## - PHYSICAL DESCRIPTION
Extent 513 p. :
Other physical details ill. ;
Dimensions 25 cm.
541 ## - IMMEDIATE SOURCE OF ACQUISITION NOTE
-- 1
562 ## - COPY AND VERSION IDENTIFICATION NOTE
Number of copies 1
650 ## - SUBJECT ADDED ENTRY--TOPICAL TERM
Topical term or geographic name as entry element High performance liquid chromatography -- Methodology.
9 (RLIN) 7735
650 ## - SUBJECT ADDED ENTRY--TOPICAL TERM
Topical term or geographic name as entry element Drugs -- Analysis.
9 (RLIN) 7736
650 ## - SUBJECT ADDED ENTRY--TOPICAL TERM
Topical term or geographic name as entry element Drug development.
9 (RLIN) 7737
942 ## - ADDED ENTRY ELEMENTS (KOHA)
Source of classification or shelving scheme Library of Congress Classification
Koha item type
Holdings
Withdrawn status Lost status Source of classification or shelving scheme Damaged status Home library Current library Shelving location Date acquired Total Checkouts Full call number Barcode Date last seen Copy number Price effective from Koha item type
    Library of Congress Classification   South SEED-LPDH College Library South SEED-LPDH College Library South SEED-LPDH College Section 08/05/2013   RS 189.H54 .H872 2007 SSLC0396 05/15/2018 1 08/05/2013 Books

HPLC method development for pharmaceuticals /

APA

(2007). HPLC method development for pharmaceuticals. Amsterdam: Boston : Elsevier, Academic Press.

Chicago

2007. HPLC method development for pharmaceuticals. Amsterdam: Boston : Elsevier, Academic Press.

Harvard

(2007). HPLC method development for pharmaceuticals. Amsterdam: Boston : Elsevier, Academic Press.

MLA

HPLC method development for pharmaceuticals. Amsterdam: Boston : Elsevier, Academic Press. 2007.

  • Place hold
  • Print
  • Cite
  • Add to your cart (remove)
  • Save record
    BIBTEX Dublin Core MARCXML MARC (non-Unicode/MARC-8) MARC (Unicode/UTF-8) MARC (Unicode/UTF-8, Standard) MODS (XML) RIS
  • More searches
    Search for this title in:
    Other Libraries (WorldCat) Other Databases (Google Scholar) Online Stores (Bookfinder.com) Open Library (openlibrary.org)

Exporting to Dublin Core...

SOUTHVILLE LIBRARY

Southville International School and Colleges Library

1281 Tropical Ave. Cor. Luxembourg St., BF Homes International, Las Pinas City

Tel. No. 8256374 / 252358 Loc. 117/146

Powered by Koha